PRODUCT DESIGN AND MANUFACTURING (Record no. 32338)

000 -LEADER
fixed length control field 00285nam a22001337a 4500
003 - CONTROL NUMBER IDENTIFIER
control field Nust
005 - DATE AND TIME OF LATEST TRANSACTION
control field 20170120161819.0
008 - FIXED-LENGTH DATA ELEMENTS--GENERAL INFORMATION
fixed length control field 170120b xxu||||| |||| 00| 0 eng d
020 ## - INTERNATIONAL STANDARD BOOK NUMBER
International Standard Book Number 81-203-42828
040 ## - CATALOGING SOURCE
Transcribing agency .
082 ## - DEWEY DECIMAL CLASSIFICATION NUMBER
Classification number 658.5752 CHI
100 ## - MAIN ENTRY--PERSONAL NAME
Personal name CHITALE, A.K.
245 ## - TITLE STATEMENT
Title PRODUCT DESIGN AND MANUFACTURING
Statement of responsibility, etc. CHITALE, A.K.
250 ## - EDITION STATEMENT
Edition statement 5th
260 ## - PUBLICATION, DISTRIBUTION, ETC.
Place of publication, distribution, etc. New Delhi
Name of publisher, distributor, etc. PHI
Date of publication, distribution, etc. 2011.
300 ## - PHYSICAL DESCRIPTION
Extent 554.p;
500 ## - GENERAL NOTE
General note Paperback.
942 ## - ADDED ENTRY ELEMENTS (KOHA)
Koha item type Book
Source of classification or shelving scheme
Holdings
Withdrawn status Lost status Source of classification or shelving scheme Damaged status Not for loan Permanent Location Current Location Date acquired Total Checkouts Total Renewals Full call number Barcode Checked out Date last seen Date last checked out Price effective from Koha item type
          Central Library (CL) Central Library (CL) 08/06/2015 1 2 658.5752 CHI SMME-1206 09/12/2023 08/05/2019 08/05/2019 08/06/2015 Book
© 2023 Central Library, National University of Sciences and Technology. All Rights Reserved.